|
|
|
|
| LEADER |
00698cam a2200241 7i4500 |
| 001 |
0000037034 |
| 005 |
20230110090000.0 |
| 007 |
##ta |
| 008 |
230110s2012 eng |
| 020 |
# |
# |
|a 9780552163194
|
| 040 |
# |
# |
|a MATR
|
| 090 |
0 |
# |
|a FI 823.92
|b REI
|
| 100 |
1 |
# |
|a Reid, Carmen
|e author
|
| 245 |
0 |
0 |
|a SHOPPING WITH THE ENEMY
|c by Carmen Reid.
|
| 264 |
# |
1 |
|a London:
|b Corgi Books,
|c 2012.
|
| 300 |
# |
# |
|a 413 pages;
|c 20 cm.
|
| 336 |
# |
# |
|a text
|2 rdacontent
|
| 337 |
# |
# |
|a unmediated
|2 rdamedia
|
| 338 |
# |
# |
|a volume
|2 rdacarrier
|
| 650 |
# |
0 |
|a Mothers and daughters
|
| 650 |
# |
0 |
|a Milan $v Fiction
|
| 651 |
# |
0 |
|a New York $v Fiction
|
| 999 |
|
|
|a 0000041846
|b Book
|c Book
|e Business Information Centre
|